000 01045nam0a22002771 4500
001 rc\4778225
005 20260406120411.0
021 _aRU
_b[57-14616]
035 _a(NLR Aleph) 009003173
090 _a9320252
_c9320252
100 _a20130417d1957 |||y0rusy50 ca
101 0 _arus
102 _aRU
105 _aa z |||||
200 1 _aСказка о мертвой царевне и о семи богатырях
_e[Для мл. школьного возраста]
_fРис. Б. Дехтерева
210 _aМосква
_cДетгиз
_d1957
215 _a32 с.
_cил.
_d22
225 1 _aКнига за книгой
700 1 _8rus
_7ca
_aПушкин
_bА. С.
_cпоэт
_f1799-1837
_gАлександр Сергеевич
_3RU\NLR\AUTH\77386
_9110441
702 1 _4440
_aДехтерев
_bБ. А.
_f1908-1993
_gБорис Александрович
_3RU\NLR\AUTH\7768678
_951606
801 0 _aRU
_bNLR
_gpsbo
801 1 _aRU
_bELAR
_2rusmarc
852 _aNLR
_jПушкин/2-С-422-83
942 _cBOOK
980 _aNB